| 000 | 02951cam a2200373 i 4500 | ||
|---|---|---|---|
| 001 | 21687445 | ||
| 005 | 20230518120244.0 | ||
| 008 | 200821s2022 caua b 001 0 eng | ||
| 010 | _a 2020037821 | ||
| 020 |
_a9781544372884 _q(paperback) |
||
| 020 |
_z9781544372891 _q(epub) |
||
| 020 |
_z9781544372907 _q(epub) |
||
| 020 |
_z9781544372914 _q(pdf) |
||
| 040 |
_aDLC _beng _erda _cDLC _dDLC |
||
| 042 | _apcc | ||
| 050 | 0 | 0 |
_aH62 _b.S31865 2022 |
| 082 | 0 | 0 |
_a001.42 _223 _bSAL |
| 100 | 1 |
_aSaldaña, Johnny, _eauthor. _914696 |
|
| 245 | 1 | 0 |
_aQualitative research : _banalyzing life / _cJohnny Saldaña, Arizona State University, Matt Omasta, Utah State University. |
| 250 | _aSecond edition. | ||
| 264 | 1 |
_aLos Angeles : _bSAGE, _c[2022] |
|
| 300 |
_axxii, 332 pages : _bcolor illustrations ; _c23 cm |
||
| 336 |
_atext _btxt _2rdacontent |
||
| 337 |
_aunmediated _bn _2rdamedia |
||
| 338 |
_avolume _bnc _2rdacarrier |
||
| 504 | _aIncludes bibliographical references and index. | ||
| 505 | 0 | _aPart I - Analyzing qualitative data -- Introduction: analyzing life -- Analyzing field sites -- Analyzing documents, artifacts, visual, and digital materials -- Analyzing interviews: preparing, conducting, and transcribing -- Analyzing interviews: condensing and coding -- Part II - Analyzing the framework -- Analyzing qualitative methodologies -- Analyzing qualitative research design -- Analyzing research ethics -- Part III- Analytic assemblage -- Analysis to synthesis: condensing, patterning, and unifying -- Analysis to synthesis: understanding, interpreting, and theorizing -- Analytic write-ups -- Analytic presentations and professional development -- Glossary -- References -- Index. | |
| 520 |
_a"Qualitative Research: Analyzing Life, Second Edition presents a fresh approach to teaching and learning qualitative methods for social inquiry-one that focuses on analysis from the very beginning of the text. By exploring qualitative research through a unique analytic lens, then cumulatively elaborating on methods in each successive chapter, this innovative work cultivates a skill set and literacy base that prepares readers to work strategically with empirical materials in their own fieldwork. Johnny Saldaña and Matt Omasta combine clear, accessible writing and analytic insight to show that analysis, in its broadest sense, is a process undertaken throughout the entire research experience. The Second Edition provides a number of updates including more on digital materials and methods, including sentiment analysis of social media data, and ethics in social media research"-- _cProvided by publisher. |
||
| 650 | 0 |
_aSocial sciences _xResearch _xStudy and teaching (Higher) _9112447 |
|
| 700 | 1 |
_aOmasta, Matt, _d1980- _eauthor. _9112448 |
|
| 906 |
_a7 _bcbc _corignew _d1 _eecip _f20 _gy-gencatlg |
||
| 942 |
_2ddc _cBK |
||
| 999 |
_c594811 _d594811 |
||